| Record ID | ia:exportcontrolson00unit |
| Source | Internet Archive |
| Download MARC XML | https://archive.org/download/exportcontrolson00unit/exportcontrolson00unit_marc.xml |
| Download MARC binary | https://www.archive.org/download/exportcontrolson00unit/exportcontrolson00unit_meta.mrc |
LEADER: 01416cam 2200313 a 4500
001 1313989
005 20020818212900.0
008 950621s1994 dcua b f000 0 eng d
020 $a0160433703
035 $aocm29832032
035 $a(GPO)94075588
040 $aGPO$cGPO$dDLC
043 $an-us---
074 $a1017-A
074 $a1017-B (MF)
086 0 $aY 4.F 76/1:EX 7/32
110 1 $aUnited States.$bCongress.$bHouse.$bCommittee on Foreign Affairs.$bSubcommittee on Economic Policy, Trade, and Environment.
245 10 $aExport controls on mass market software :$bhearing before the Subcommittee on Economic Policy, Trade, and Environment of the Committee on Foreign Affairs, House of Representatives, One Hundred Third Congress, first session, October 12, 1993.
260 $aWashington :$bU.S. G.P.O. :$bFor sale by the U.S. G.P.O., Supt. of Docs., Congressional Sales Office,$c1994.
300 $aiii, 139 p. :$bill. ;$c23 cm.
500 $aDistributed to some depository libraries in microfiche.
500 $aShipping list no.: 94-0028-P.
504 $aIncludes bibliographical references.
650 0 $aExport controls$zUnited States.
650 0 $aComputer software$xMarketing$xGovernment policy$zUnited States.
650 0 $aComputer software industry$zUnited States.
650 0 $aData protection$xGovernment policy$zUnited States.
650 0 $aCryptography$zUnited States.
962 $aADU-2120